000 00683nam a2200205 a 4500
001 000695340
003 AM-YeHGA
005 20250617142435.0
008 091104s1986 ||| r 000 0 rus d
040 _aAM-YeHGA
041 0 _arus
100 1 _aПочивалин, Николай Михайлович
245 1 0 _aЗасуха :
_bРоман /
_cНиколай Почивалин; Худ. В.И. Санкин.
260 _aМосква :
_bСов. Россия,
_c1986.
300 _a284 с. :
_bил.
653 0 _aКолхозы и колхозники (х. л.)
653 0 _aПоволжье (х. л.)
700 1 _aСанкин, В.И.
_eил.
_4ill
090 _c259464
999 _c257859
_d257859